Parliamentary Government in India (Record no. 227098)
[ view plain ]
| 000 -LEADER | |
|---|---|
| fixed length control field | 00458nam a22001697a 4500 |
| 005 - DATE AND TIME OF LATEST TRANSACTION | |
| control field | 20230329153126.0 |
| 008 - FIXED-LENGTH DATA ELEMENTS--GENERAL INFORMATION | |
| fixed length control field | 230329b ||||| |||| 00| 0 eng d |
| 040 ## - CATALOGING SOURCE | |
| Transcribing agency | AL |
| 041 ## - LANGUAGE CODE | |
| Language code of text/sound track or separate title | English |
| 082 ## - DEWEY DECIMAL CLASSIFICATION NUMBER | |
| Edition number | 23 |
| Classification number | 320/147 |
| Item number | SHAP |
| 100 ## - MAIN ENTRY--PERSONAL NAME | |
| Personal name | Ram Sharma |
| 100 ## - MAIN ENTRY--PERSONAL NAME | |
| 9 (RLIN) | 79736 |
| 245 ## - TITLE STATEMENT | |
| Title | Parliamentary Government in India |
| 260 ## - PUBLICATION, DISTRIBUTION, ETC. | |
| Place of publication, distribution, etc. | Allahabad |
| Name of publisher, distributor, etc. | Central Book Depot |
| Date of publication, distribution, etc. | 1969 |
| 300 ## - PHYSICAL DESCRIPTION | |
| Extent | vii,328 p. |
| Other physical details | HB |
| Dimensions | 21.5x13.5 cm. |
| 700 ## - ADDED ENTRY--PERSONAL NAME | |
| Personal name | SHARMA (Ram) |
| 9 (RLIN) | 79737 |
| 942 ## - ADDED ENTRY ELEMENTS (KOHA) | |
| Source of classification or shelving scheme | Dewey Decimal Classification |
| Koha item type | Book Bank |
| Withdrawn status | Lost status | Source of classification or shelving scheme | Damaged status | Not for loan | Collection code | Home library | Current library | Shelving location | Date acquired | Total Checkouts | Full call number | Barcode | Date last seen | Price effective from | Koha item type |
|---|---|---|---|---|---|---|---|---|---|---|---|---|---|---|---|
| Dewey Decimal Classification | Political Science | St Aloysius Library | St Aloysius Library | UGC Book Bank | 03/29/2023 | 320/147 SHAP | BB02958 | 03/29/2023 | 03/29/2023 | Book Bank | |||||
| Dewey Decimal Classification | Political Science | St Aloysius Library | St Aloysius Library | UGC Book Bank | 03/29/2023 | 320/148 SHAP | BB02959 | 03/29/2023 | 03/29/2023 | Book Bank | |||||
| Dewey Decimal Classification | Political Science | St Aloysius Library | St Aloysius Library | UGC Book Bank | 03/29/2023 | 320/149 SHAP | BB02960 | 03/29/2023 | 03/29/2023 | Book Bank | |||||
| Dewey Decimal Classification | Political Science | St Aloysius Library | St Aloysius Library | UGC Book Bank | 03/29/2023 | 320/151 SHAP | BB02962 | 03/29/2023 | 03/29/2023 | Book Bank |